书目信息 |
| 题名: |
数据库技术
|
|
| 作者: | 何玉洁 , 刘乃嘉 编 | |
| 分册: | ||
| 出版信息: | 北京 高等教育出版社 2015 |
|
| 页数: | 337页 | |
| 开本: | 26cm | |
| 丛书名: | ||
| 单 册: | ||
| 中图分类: | TP3 , TP311.13 | |
| 科图分类: | ||
| 主题词: | 电子计算机--等级考试--教材 , 数据库系统--等级考试--教材 | |
| 电子资源: | ||
| ISBN: | 978-7-04-044302-8 | |
| 000 | 00971nam0 2200265 450 | |
| 001 | 0103786320 | |
| 005 | 20180509104522.0 | |
| 010 | @a978-7-04-044302-8@dCNY45.00 | |
| 100 | @a20160318d2015 em y0chiy0120 ea | |
| 101 | 0 | @achi |
| 102 | @aCN@b110000 | |
| 105 | @ay z 000yy | |
| 106 | @ar | |
| 200 | 1 | @a数据库技术@9Shu;Shuo Ju Ku Ji Shu;Zhu @f何玉洁,刘乃嘉编@b专著 |
| 210 | @a北京@c高等教育出版社@d2015 | |
| 215 | @a337页@d26cm | |
| 330 | @a本书按照数据库技术考试大纲设定六部分内容:数据库应用系统分析及规划、数据库设计及实现、数据库存储技术、并发控制技术、数据库管理与维护、数据库技术的发展及新技术等。全书分14章,论述了数据库技术考试涉及的相关知识和内容。 | |
| 606 | 0 | @a电子计算机@x等级考试@j教材 |
| 606 | 0 | @a数据库系统@x等级考试@j教材 |
| 690 | @aTP3@v5 | |
| 690 | @aTP311.13@v5 | |
| 701 | 0 | @a何玉洁@c(女,@f1963~)@4编@9he yu jie |
| 701 | 0 | @a刘乃嘉@f(1980~)@4编@9liu nai jia |
| 801 | 0 | @aCN@bAZmarc@c20230903 |
| 905 | @aBZT@dTP3@e213@f1@sTP3/213 | |
| 数据库技术/何玉洁,刘乃嘉编.-北京:高等教育出版社,2015 |
| 337页;26cm |
| ISBN 978-7-04-044302-8:CNY45.00 |
| 本书按照数据库技术考试大纲设定六部分内容:数据库应用系统分析及规划、数据库设计及实现、数据库存储技术、并发控制技术、数据库管理与维护、数据库技术的发展及新技术等。全书分14章,论述了数据库技术考试涉及的相关知识和内容。 |
| ● |
| 相关链接 |
|
|
|
正题名:数据库技术
索取号:TP3/213
 
预约/预借
| 序号 | 登录号 | 条形码 | 馆藏地/架位号 | 状态 | 备注 |
| 1 | 2000000958 | 2000000958 | 旧书回溯/ [索取号:TP3/213] | 在馆 |